Normal view
MARC view
- القانون المدني - القسمة القضائية - قانون - الاردن
Entry Topical Term
001 - CONTROL NUMBER
- control field: 58784
003 - CONTROL NUMBER IDENTIFIER
- control field: JO-AjAnu
005 - DATE AND TIME OF LATEST TRANSACTION
- control field: 20230606083622.0
008 - FIXED-LENGTH DATA ELEMENTS
- fixed length control field: 230606|| aca||aabn | a|a d
040 ## - CATALOGING SOURCE
- Original cataloging agency: JO-AjAnu
- Transcribing agency: JO-AjAnu
150 ## - HEADING--TOPICAL TERM
- Topical term or geographic name entry element: القانون المدني - القسمة القضائية - قانون - الاردن
670 ## - SOURCE DATA FOUND
- Source citation: Work cat.: (JO-AjAnu)29985: اعداد الغرايبة، اسماعيل محمد عبد الرحمن؛ اشراف عبد الحكيم محسن عطروش, author 58783, الجوانب الاجرائية في دعوى ازالة الشيوع الفسمة القضائية : دراسة مقارنة = Procedural Aspects in a Suit Remove Common Judicial Division: A comparative Study